000 00973nam0a22002291 4500
001 rc\4216385
005 20250610124500.0
035 _a(NLR Aleph) 007905794
090 _a8066292
_c8066292
100 _a20130415f19001999|||y0rusy50 ca
101 0 _arus
102 _aRU
105 _ay z |||||
200 1 _aЛичные впечатления поездки в Берлин с депутацией от лейб-гвардейского Санктпетербургского полка для поздравления шефа полка императора Вильгельма II с днем 25-летия зачисления его величества в списки полка
210 _aСанкт-Петербург
_cБ. и.
_d[19--]
300 _aЛитогр.
700 1 _aФуллон
_bИ.А.
_gИван Александрович
801 0 _aRU
_bNLR
_gpsbo
801 1 _aRU
_bELAR
_2rusmarc
852 _aNLR
_j37.54.2.307
942 _cBOOK
980 _aNB